Competitiveness of Small and Medium – sized Enterprises in the Single European Market
Definícia povahy a význam malých a stredných podnikov v Slovenskej republike. Poukázanie na marketingové predpoklady ich konkurencieschopnosti v EÚ na spoločnom trhu, bariéry, ich silné a slabé stránky, ktoré vyplynuli z kvantitatívneho prieskumu. Prieskum bol uskutočnený na vzorke 256 náhodne vybra...
Na minha lista:
| Autor principal: | |
|---|---|
| Outros Autores: | |
| Formato: | Capítulo de Livro |
| Idioma: | inglês |
| Assuntos: | |
| Tags: |
Sem tags, seja o primeiro a adicionar uma tag!
|
MARC
| LEADER | 00000nla a2200000 4500 | ||
|---|---|---|---|
| 001 | 0245552 | ||
| 005 | 20240502083654.8 | ||
| 041 | 0 | |a eng | |
| 044 | |a CZ | ||
| 245 | 1 | 0 | |a Competitiveness of Small and Medium – sized Enterprises in the Single European Market |
| 520 | |a Definícia povahy a význam malých a stredných podnikov v Slovenskej republike. Poukázanie na marketingové predpoklady ich konkurencieschopnosti v EÚ na spoločnom trhu, bariéry, ich silné a slabé stránky, ktoré vyplynuli z kvantitatívneho prieskumu. Prieskum bol uskutočnený na vzorke 256 náhodne vybraných malých a stredných podnikov v SR. | ||
| 610 | 2 | 0 | |a podnik malý |
| 610 | 2 | 0 | |a podnik stredný |
| 610 | 2 | 0 | |a trh jednotný |
| 610 | 2 | 0 | |a konkurencieschopnosť |
| 610 | 2 | 0 | |a Európska únia |
| 610 | 2 | 0 | |a prieskum trhu |
| 100 | 1 | |a Čihovská, Viera | |
| 700 | 1 | |a Stanková, Monika, 1993- | |